00615nam a2200169Ia 4500008004100000082001300041100004500054245009800099260003900197300001000236520001100246650002600257700003000283942001300313999001900326952010000345230907s9999||||xx |||||||||||||| ||und|| a620bOSA aOsama Bin Muzaffar (00000204892)9116582 0aDesign and Analysis of Synchronverter based Virtual Inertia Control for Hybrid Power Plants / aUSPCAS-E, NUST,bIslamabad :c2021 a51 p. aTH-279 aMS-ESE Thesis9116583 aDr Abasin Ulasyar9117719 cTHE2ddc c601957d601957 00102ddc4070aCAS-EbCAS-Ed2021-09-09o620 OSApCAS-ETH0000279r2023-09-12w2023-09-12yTHE